[Event "Crema op-B 17th"]
[Site "Crema"]
[Date "2016.09.04"]
[Round "6"]
[White "Raimondi, Celso"]
[Black "Bonoldi, Fabio"]
[Result "0-1"]
[WhiteElo "1623"]
[BlackElo "1838"]
[PlyCount "98"]
[EventDate "2016.09.02"]
[EventType "swiss"]
[EventRounds "6"]
[EventCountry "ITA"]
[SourceTitle "EXT 2018"]
[Source "ChessBase"]
[SourceDate "2017.10.13"]
[SourceVersion "1"]
[SourceVersionDate "2017.10.13"]
[SourceQuality "1"]

1. d4 Nf6 2. c4 g6 3. Nc3 Bg7 4. e4 d6 5. Nf3 0-0 6. Be2 e5 7. 0-0 exd4 8. Nxd4 Re8 9. f3 Nc6 10. Be3 Nh5 11. Qd2 Bd7 12. Rac1 f5 13. Nxc6 bxc6 14. Rfd1 fxe4 15. Nxe4 Nf6 16. Nxf6+ Qxf6 17. Bf2 Qxb2 18. Qxb2 Bxb2 19. Rc2 Bf6 20. Bd4 Bxd4+ 21. Rxd4 c5 22. Rdd2 Rab8 23. Rb2 Kf7 24. f4 Bc6 25. f5 a5 26. fxg6+ hxg6 27. Bd3 Kg7 28. Rxb8 Rxb8 29. g4 Re8 30. Kf2 Re5 31. Re2 Rxe2+ 32. Kxe2 g5 33. Ke3 Kf6 34. Bf5 Ke5 35. a3 Be8 36. Bc8 Bf7 37. Ba6 Be6 38. h3 Bd7 39. Bb7 Ba4 40. Be4 Bd7 41. Bf3 c6 42. Be2 d5 43. cxd5 cxd5 44. Kf3 Be6 45. Kg3 d4 46. h4 gxh4+ 47. Kxh4 c4 48. g5 d3 49. Bd1 c3 0-1

[Event "Vescovato Gerolamo op-B 13th"]
[Site "Vescovato"]
[Date "2014.04.27"]
[Round "6"]
[White "Raimondi, Celso"]
[Black "Brugaletta, Giorgio"]
[Result "0-1"]
[WhiteElo "1667"]
[BlackElo "1750"]
[PlyCount "90"]
[EventDate "2014.04.25"]
[EventType "swiss"]
[EventRounds "6"]
[EventCountry "ITA"]
[SourceTitle "EXT 2024"]
[Source "ChessBase"]
[SourceDate "2023.10.10"]
[SourceVersion "1"]
[SourceVersionDate "2023.10.10"]
[SourceQuality "1"]

1. d4 d5 2. c4 c6 3. Nc3 Nf6 4. Nf3 Bg4 5. Ne5 Bh5 6. Qb3 Qb6 7. Qd1 e6 8. c5 Qd8 9. Bg5 Be7 10. h3 Nbd7 11. Bf4 0-0 12. g4 Bg6 13. Nf3 Ne4 14. h4 Nxc3 15. bxc3 Be4 16. Rh3 Bxf3 17. Rxf3 f6 18. Bg3 e5 19. dxe5 fxe5 20. Rxf8+ Qxf8 21. g5 Bxc5 22. e4 Qf7 23. exd5 cxd5 24. Bg2 Nb6 25. Qf3 Qd7 26. Rd1 Rf8 27. Qd3 e4 28. Bxe4 Qe7 29. f3 dxe4 30. fxe4 Qf7 31. Qe2 Qf3 32. Qxf3 Rxf3 33. Rd8+ Rf8 34. Rxf8+ Kxf8 35. Ke2 g6 36. Be5 Nd7 37. Bd4 Kf7 38. Kf3 Ke6 39. Kg4 a6 40. h5 Bd6 41. hxg6 hxg6 42. Kf3 Ne5+ 43. Kf4 b5 44. a3 Nf7+ 45. Kg4 Bxa3 0-1

[Event "Codogno op-B 4th"]
[Site "Codogno"]
[Date "2012.09.23"]
[Round "4"]
[White "Poletto, Daniele"]
[Black "Raimondi, Celso"]
[Result "1/2-1/2"]
[WhiteElo "1736"]
[BlackElo "1657"]
[PlyCount "97"]
[EventDate "2012.09.21"]
[EventType "swiss"]
[EventRounds "5"]
[EventCountry "ITA"]
[SourceTitle "EXT 2016"]
[Source "ChessBase"]
[SourceDate "2015.10.08"]
[SourceVersion "1"]
[SourceVersionDate "2015.10.08"]
[SourceQuality "1"]

1. c4 e5 2. Nc3 c6 3. Nf3 d6 4. d4 exd4 5. Qxd4 Nf6 6. e4 Be7 7. e5 dxe5 8. Qxd8+ Bxd8 9. Nxe5 0-0 10. Be2 Re8 11. Bf4 Bc7 12. Nd3 Bxf4 13. Nxf4 Nbd7 14. 0-0 Nc5 15. Rfe1 Bf5 16. b4 Ne6 17. Nxe6 Rxe6 18. Bf1 Rae8 19. Rxe6 Rxe6 20. f3 Rd6 21. Rd1 Rxd1 22. Nxd1 Kf8 23. Kf2 Ke7 24. Ke3 Kd6 25. Nc3 b6 26. a3 g5 27. Bd3 Bxd3 28. Kxd3 Ke5 29. Ne2 c5 30. bxc5 bxc5 31. Nc3 Nd7 32. Ne4 h6 33. Nd2 f5 34. g3 h5 35. h3 Nf6 36. Nb3 Kd6 37. Nd2 Nd7 38. f4 gxf4 39. gxf4 Nf8 40. Nf1 Ne6 41. Ke3 h4 42. Nd2 Nd4 43. Nf3 Nxf3 44. Kxf3 Kc6 45. Ke3 Kb6 46. Kd3 Ka5 47. Kc3 Ka4 48. Kb2 a5 49. Ka2 1/2-1/2

[Event "Codogno op-B 4th"]
[Site "Codogno"]
[Date "2012.09.22"]
[Round "2"]
[White "Attuati, Luca"]
[Black "Raimondi, Celso"]
[Result "0-1"]
[WhiteElo "1449"]
[BlackElo "1657"]
[PlyCount "58"]
[EventDate "2012.09.21"]
[EventType "swiss"]
[EventRounds "5"]
[EventCountry "ITA"]
[SourceTitle "EXT 2016"]
[Source "ChessBase"]
[SourceDate "2015.10.08"]
[SourceVersion "1"]
[SourceVersionDate "2015.10.08"]
[SourceQuality "1"]

1. e4 c5 2. Nc3 a6 3. Nf3 d6 4. h3 e6 5. a4 Qc7 6. Bc4 Nf6 7. 0-0 Be7 8. Re1 Nc6 9. d3 0-0 10. Bf4 b6 11. e5 dxe5 12. Nxe5 Bd6 13. Qe2 Nd4 14. Qd2 Bb7 15. Re3 Nf5 16. Re2 Nh4 17. Ne4 Nxe4 18. Rxe4 Bxe4 19. dxe4 Bxe5 20. Bxe5 Qxe5 21. Qe2 a5 22. c3 Rad8 23. Qg4 Ng6 24. h4 h5 25. Qg5 Qxg5 26. hxg5 Rd2 27. f4 Nxf4 28. g3 Rg2+ 29. Kf1 Rxg3 0-1

[Event "Codogno op-B 4th"]
[Site "Codogno"]
[Date "2012.09.21"]
[Round "1"]
[White "Raimondi, Celso"]
[Black "Fantina, Carla"]
[Result "1-0"]
[WhiteElo "1657"]
[BlackElo "1476"]
[PlyCount "69"]
[EventDate "2012.09.21"]
[EventType "swiss"]
[EventRounds "5"]
[EventCountry "ITA"]
[SourceTitle "EXT 2016"]
[Source "ChessBase"]
[SourceDate "2015.10.08"]
[SourceVersion "1"]
[SourceVersionDate "2015.10.08"]
[SourceQuality "1"]

1. d4 Nf6 2. c4 g6 3. Nc3 Bg7 4. e4 d6 5. Nf3 c6 6. Be2 0-0 7. 0-0 Na6 8. Ne1 e5 9. d5 Nc5 10. Qc2 a5 11. Rb1 Qe8 12. Be3 Ng4 13. Bxg4 Bxg4 14. Nd3 Nxd3 15. Qxd3 f5 16. f3 fxe4 17. fxe4 Qe7 18. Qd2 h6 19. Bxh6 Qh4 20. Bg5 Qh5 21. Be7 Rxf1+ 22. Rxf1 Bh6 23. Qe1 c5 24. Bxd6 b6 25. Be7 Bd7 26. d6 Qg4 27. Nd5 Qe6 28. Nc7 Qxc4 29. Nxa8 Qd4+ 30. Kh1 Bc6 31. Nxb6 c4 32. Qf2 Bxe4 33. Qf7+ Kh8 34. Bf6+ Bg7 35. Qxg7# 1-0

[Event "Crema op 14th"]
[Site "Crema"]
[Date "2012.09.02"]
[Round "6"]
[White "Gemelli, Giovanni"]
[Black "Raimondi, Celso"]
[Result "1/2-1/2"]
[WhiteElo "1807"]
[BlackElo "1657"]
[PlyCount "126"]
[EventDate "2012.08.31"]
[EventType "swiss"]
[EventRounds "6"]
[EventCountry "ITA"]
[SourceTitle "EXT 2014"]
[Source "ChessBase"]
[SourceDate "2013.11.20"]
[SourceVersion "1"]
[SourceVersionDate "2013.11.20"]
[SourceQuality "1"]

1. e4 c5 2. Nf3 d6 3. d4 cxd4 4. Nxd4 Nf6 5. Nc3 a6 6. Be3 e6 7. f3 Be7 8. Qd2 0-0 9. 0-0-0 Qc7 10. Kb1 Nc6 11. g4 b5 12. g5 Nd7 13. h4 Nxd4 14. Bxd4 g6 15. h5 b4 16. Ne2 a5 17. Ng3 Ba6 18. Bxa6 Rxa6 19. Qh2 Bxg5 20. hxg6 h6 21. Qh5 Ne5 22. Bxe5 dxe5 23. gxf7+ Qxf7 24. Qxf7+ Rxf7 25. Rd3 Rc6 26. Nf1 Rfc7 27. Rh2 Kf7 28. Ne3 Rc5 29. Ng4 Bf4 30. Re2 a4 31. Rd8 Rc8 32. Rd7+ Kg6 33. Rg2 Bg5 34. Ra7 b3 35. axb3 axb3 36. c3 Rd8 37. Rg1 Rb5 38. Ra6 Kf7 39. Ra7+ Kf8 40. Rh7 Rd3 41. Nxh6 Rxf3 42. Rh8+ Ke7 43. Rh7+ Ke8 44. Ng4 Rf8 45. Ra7 Rb8 46. Ra6 Bf4 47. Nxe5 Bxe5 48. Rxe6+ Kd7 49. Rxe5 Rf2 50. Rd5+ Ke7 51. Re1 Rbf8 52. Red1 Rf1 53. Kc1 R8f2 54. Rxf1 Rxf1+ 55. Rd1 Rf2 56. Rd4 Rc2+ 57. Kb1 Re2 58. Kc1 Rc2+ 59. Kd1 Rxb2 60. Rb4 Ke6 61. Rb5 Kd6 62. c4 Rc2 63. Rxb3 Rxc4 1/2-1/2

[Event "Crema op 13th"]
[Site "Crema"]
[Date "2011.09.04"]
[Round "6"]
[White "Raimondi, Celso"]
[Black "Oteri, Aldo"]
[Result "1-0"]
[WhiteElo "1651"]
[BlackElo "1797"]
[PlyCount "75"]
[EventDate "2011.09.02"]
[EventType "swiss"]
[EventRounds "6"]
[EventCountry "ITA"]
[SourceTitle "EXT 2022"]
[Source "ChessBase"]
[SourceDate "2021.10.06"]
[SourceVersion "1"]
[SourceVersionDate "2021.10.06"]
[SourceQuality "1"]

1. d4 Nf6 2. c4 g6 3. Nc3 Bg7 4. e4 d6 5. Nf3 0-0 6. Be2 e5 7. 0-0 exd4 8. Nxd4 Nc6 9. Be3 Re8 10. Nxc6 bxc6 11. Bf3 c5 12. e5 Rb8 13. exf6 Qxf6 14. Bc6 Rf8 15. Qd2 Bb7 16. Bxb7 Rxb7 17. Rab1 Rfb8 18. Na4 Qf5 19. b3 Rb4 20. Rbd1 Bf8 21. Nc3 c6 22. Bf4 Rd8 23. Bh6 Bxh6 24. Qxh6 d5 25. cxd5 cxd5 26. Ne2 c4 27. Nd4 Qd7 28. Nc2 Rbb8 29. bxc4 Qa4 30. Ne3 d4 31. Nd5 Rd6 32. Rxd4 Re8 33. Rh4 Rxd5 34. cxd5 f5 35. Qxh7+ Kf8 36. Qh8+ Ke7 37. Re1+ Kd6 38. Qxe8 1-0